000 00457nam a2200169Ia 4500
008 230524s9999 xx 000 0 und d
082 _a628
_bNAR
100 _aKeerthi Narayana
_925506
245 0 _aEnvironmental Science and Engineering (For all Branches)
250 _a1ST
260 _aNEW DELHI
_bHi Tech
_c2005
300 _aVII;5.26
500 _aQuantity Number: 1
650 _aEnvironmental
700 _a Daniel Yesudian
_925507
942 _cBK
999 _c37544
_d37544